Central Library OPAC University of Rajshahi

Canada and her great neighbor : (Record no. 64597)

MARC details
000 -LEADER
fixed length control field 01066nam a2200277 a 4500
001 - CONTROL NUMBER
control field 64597
003 - CONTROL NUMBER IDENTIFIER
rucl marc code BD-RjUL
005 - DATE AND TIME OF LATEST TRANSACTION
control field 20211209081327.0
008 - FIXED-LENGTH DATA ELEMENTS--GENERAL INFORMATION
fixed length control field 170216r19701938nyu b 000 0 eng
035 ## - SYSTEM CONTROL NUMBER
System control number (BD-RjUL)64727
040 ## - CATALOGING SOURCE
Original cataloging agency DLC
Transcribing agency DLC
Modifying agency BD-RjUL
Language of cataloging eng
041 ## - LANGUAGE CODE
Language code of text/sound track or separate title eng
082 00 - DEWEY DECIMAL CLASSIFICATION NUMBER
Classification number 971
Edition number 23
Author mark and year CAN 1970
245 10 - TITLE STATEMENT
Title Canada and her great neighbor :
Remainder of title sociological surveys of opinions and attitudes in Canada concerning the United States /
Statement of responsibility, etc. Edited by H. F. Angus. With an introd. by R. M. MacIver.
260 ## - PUBLICATION, DISTRIBUTION, ETC. (IMPRINT)
Place of publication, distribution, etc. New York :
Name of publisher, distributor, etc. Russell & Russell,
Date of publication, distribution, etc. 1938-1970
300 ## - PHYSICAL DESCRIPTION
Pagination xxxvi, 451 p. ;
Size 25 cm.
490 1# - SERIES STATEMENT
Series statement The Relations of Canada and the United States
504 ## - BIBLIOGRAPHY, ETC. NOTE
Bibliography, etc Includes bibliographical references.
650 #0 - SUBJECT ADDED ENTRY--TOPICAL TERM
Topical term or geographic name as entry element Public opinion
Geographic subdivision Canada.
9 (RLIN) 191584
651 #0 - SUBJECT ADDED ENTRY--GEOGRAPHIC NAME
Geographic name Canada
General subdivision Relations
Geographic subdivision United States.
9 (RLIN) 191585
Geographic name United States
General subdivision Relations
Geographic subdivision Canada.
9 (RLIN) 191586
Geographic name Canada
General subdivision Civilization
-- American influences.
9 (RLIN) 191587
700 ## - ADDED ENTRY--PERSONAL NAME
Personal name Angus, H. F.
830 #0 - SERIES ADDED ENTRY--UNIFORM TITLE
Uniform title Relations of Canada and the United States.
942 ## - ADDED ENTRY ELEMENTS (KOHA)
Source of classification or shelving scheme Dewey Decimal Classification
Koha item type Books
Holdings
Lost status Source of classification or shelving scheme Damaged status Not for loan Collection code Permanent Location Current Location Shelving location Date acquired Source of acquisition Total Checkouts Full call number Date last seen Copy number Koha item type
  Dewey Decimal Classification   Not For Loan Non-fiction Central Library, University of Rajshahi Central Library, University of Rajshahi Reading Room 10/07/1994 Asia foundation   971 CAN 1970 16/02/2017 C-1 Books